000 00763nam a2200229 i 4500
001 183053
003 ES-MaACL
005 20240419101055.0
008 140114s2013 sp |||| | spa d
020 _a978-84-940842-5-6
080 _a821.134.2-14"19"
100 1 _aPrieto, José María.
_9137530
245 1 0 _aNuestra señora es un caballero /
_cJosé Mª Prieto ; [prólogo Alfredo Gómez Gil].
250 _a[1ª ed.].
260 _aMadrid :
_bVitruvio,
_c2013.
300 _a128 p. ;
_c21 cm.
700 0 _aGómez Gil, Alfredo,
_d1936-
_957969
852 _aES-MaACL
_jA-13003
_9189987
_bR.149493
_cDEPO1
_dOlim: N-6003
_xDonación: José M. Prieto
903 _9137530
_aPrieto, José María
_ednr
942 _2udc
_cMONOGRAFIA
999 _c183053
_d183053